Лабораторные работы как способ развития компетенций; Инженерия для освоения космоса
| Parent link: | Инженерия для освоения космоса.— 2017.— [С. 145-148] |
|---|---|
| Κύριος συγγραφέας: | |
| Συγγραφή απο Οργανισμό/Αρχή: | |
| Άλλοι συγγραφείς: | |
| Περίληψη: | Заглавие с экрана В данной научной работе лабораторные работы рассматриваются как метод освоения учебного материала студентами и развития у них необходимых профессиональных компетенций. Также статья содержит результаты интервью студентов, в которых рассмотрен и проанализирован вопрос об актуальности и роли лабораторных работ для развития компетенций, необходимых для соответствия профессиональным стандартам. The laboratory work is considered as a method of learning the material, which develops the necessary professional competencies. The article contains the results of the student interviews, which reviewed and analyzed the relevance and role of laboratory work for the development of the competencies required to meet professional standards. |
| Γλώσσα: | Ρωσικά |
| Έκδοση: |
2017
|
| Σειρά: | Образовательные тренды подготовки специалистов космической отрасли |
| Θέματα: | |
| Διαθέσιμο Online: | http://earchive.tpu.ru/handle/11683/41281 |
| Μορφή: | Ηλεκτρονική πηγή Κεφάλαιο βιβλίου |
| KOHA link: | https://koha.lib.tpu.ru/cgi-bin/koha/opac-detail.pl?biblionumber=622634 |
MARC
| LEADER | 00000naa2a2200000 4500 | ||
|---|---|---|---|
| 001 | 622634 | ||
| 005 | 20231101133224.0 | ||
| 035 | |a (RuTPU)RU\TPU\conf\21429 | ||
| 035 | |a RU\TPU\conf\21428 | ||
| 090 | |a 622634 | ||
| 100 | |a 20170629d2017 k y0rusy50 ca | ||
| 101 | 0 | |a rus |d eng | |
| 102 | |a RU | ||
| 105 | |a y z 101zy | ||
| 135 | |a drgn ---uucaa | ||
| 181 | 0 | |a i | |
| 182 | 0 | |a b | |
| 200 | 1 | |a Лабораторные работы как способ развития компетенций |d Laboratory work as a way to develop competencies |f М. В. Мантыкова |g науч. рук. Л. А. Скачкова | |
| 203 | |a Текст |c электронный | ||
| 225 | 1 | |a Образовательные тренды подготовки специалистов космической отрасли | |
| 230 | |a 1 компьютерный файл (pdf; 269 Kb) | ||
| 300 | |a Заглавие с экрана | ||
| 320 | |a [Библиогр.: с. 148 (2 назв.)] | ||
| 330 | |a В данной научной работе лабораторные работы рассматриваются как метод освоения учебного материала студентами и развития у них необходимых профессиональных компетенций. Также статья содержит результаты интервью студентов, в которых рассмотрен и проанализирован вопрос об актуальности и роли лабораторных работ для развития компетенций, необходимых для соответствия профессиональным стандартам. | ||
| 330 | |a The laboratory work is considered as a method of learning the material, which develops the necessary professional competencies. The article contains the results of the student interviews, which reviewed and analyzed the relevance and role of laboratory work for the development of the competencies required to meet professional standards. | ||
| 463 | 0 | |0 (RuTPU)RU\TPU\conf\21387 |t Инженерия для освоения космоса |o сборник научных трудов V Международного молодежного форума, г. Томск, 18-20 апреля 2017 г. |f Национальный исследовательский Томский политехнический университет (ТПУ) ; под ред. В. Н. Борикова [и др.] |v [С. 145-148] |d 2017 | |
| 510 | 1 | |a Laboratory work as a way to develop competencies |z eng | |
| 610 | 1 | |a труды учёных ТПУ | |
| 610 | 1 | |a электронный ресурс | |
| 610 | 1 | |a профессиональные компетенции | |
| 610 | 1 | |a лабораторные работы | |
| 610 | 1 | |a профессиональные стандарты | |
| 610 | 1 | |a космическая отрасль | |
| 610 | 1 | |a образовательные организации | |
| 700 | 1 | |a Мантыкова |b М. В. | |
| 702 | 1 | |a Скачкова |b Л. А. |c специалист в области начертательной геометрии |c старший преподаватель Томского политехнического университета, инженер |f 1977- |g Лариса Александровна |2 stltpush |4 727 | |
| 712 | 0 | 2 | |a Национальный исследовательский Томский политехнический университет (ТПУ) |b Институт кибернетики (ИК) |b Кафедра инженерной графики и промышленного дизайна (ИГПД) |h 7273 |2 stltpush |3 (RuTPU)RU\TPU\col\18737 |
| 801 | 2 | |a RU |b 63413507 |c 20170705 |g RCR | |
| 856 | 4 | |u http://earchive.tpu.ru/handle/11683/41281 | |
| 942 | |c BK | ||